All The Weeknd Songs Over 1 Billion Streams - Statistics

General Stats
  • This quiz has been taken 27 times
    22 since last reset
  • The average score is 14 of 25
Answer Stats
Hint Answer % Correct
4.88 Blinding lights
91%
2.37 Save your tears
91%
1.87 (Ariana Grande) Save your tears
91%
3.93 Starboy
91%
1.15 After hours
73%
1.96 Can't feel my face
73%
2.82 Die for you
73%
1.14 (Ariana Grande) Die for you
73%
2.68 The hills
73%
1.91 Earned it
64%
1.98 I feel it coming
64%
1.11 Love me harder
55%
1.14 Often
55%
1.25 Reminder
55%
2.11 Call out my name
45%
1.59 Creepin'
45%
1.11 Heartless
45%
1.26 I was never there
45%
1.38 Stargirl interlude
45%
1.91 One of the girls
36%
1.04 In your eyes
27%
1.13 Or nah
27%
1.13 Popular
27%
1.07 Pray for me
27%
1.14 Moth to a flame
18%
No matching quizzes found
Score Distribution
Percent of People with Each Score
Percentile by Number Answered
Your Score History
You have not taken this quiz since the last reset